| 000 | 00558nam a2200217 a 4500 | ||
|---|---|---|---|
| 005 | 20210219153157.0 | ||
| 008 | 991125n 000 0 u | ||
| 035 | _aUPN01000082148 | ||
| 100 | _aCommon, Diane L | ||
| 222 | _aCANADIAN JOURNAL OF EDUCATION | ||
| 245 | _aIn search of expertise in teaching | ||
| 300 | _a184-197 | ||
| 362 | _a16, No. 2, 1991 | ||
| 505 | _aMayo 1992 | ||
| 653 | 0 | _aCULTURA | |
| 653 | 0 | _aEFICACIA DEL MAESTRO | |
| 653 | 0 | _aRELATO DEL CUENTO | |
| 653 | 0 | _aVALORES MORALES | |
| 904 |
_aAC _b019959 |
||
| 905 | _aArticulo | ||
| 999 |
_c70278 _d70278 |
||